| 000 | 00383nam a22001697a 4500 | ||
|---|---|---|---|
| 005 | 20260617092557.0 | ||
| 020 | _a978-81-986636-0-3 | ||
| 041 | _aEnglish | ||
| 082 | _aT16 R25 PAR | ||
| 100 | _aParthiban.V | ||
| 245 | _aChozhanaattu Nadukarkal -Mannu Perum Munnor Marabu | ||
| 250 | _a1 | ||
| 260 |
_aChennai _bNCBH _c2025 |
||
| 300 | _a256 | ||
| 365 | _b180.00 | ||
| 942 | _cBK | ||
| 999 |
_c177910 _d177910 |
||